Bomber di Serie A - Statistics

Statistiche generali
  • Questo quiz è stato fatto 282 volte
  • Il punteggio medio è 5 su 11
Statistiche sulle risposte
Hint Risposta % Corretto
2 250 Totti
95%
9 188 Del Piero
92%
1 274 Piola
57%
6 209 Di Natale
56%
7 205 Baggio
55%
- 216 Meazza
46%
3 225 Nordahl
34%
- 188 Signori
30%
- 188 Gilardino
25%
4 216 Altafini
17%
8 190 Hamrin
6%
Nessun quiz corrispondente trovato
Distribuzione punteggi
Percentuale di utenti per punteggio
Percentile per numero di risposta
I tuoi punteggi nel tempo
Non hai fatto questo quiz